书目信息 |
| 题名: |
测量电视
|
|
| 作者: | ;天津市电视技术研究所 编译 | |
| 分册: | ||
| 出版信息: | 北京 国防工业出版社 1984 |
|
| 页数: | 234页 | |
| 开本: | 21cm | |
| 丛书名: | ||
| 单 册: | ||
| 中图分类: | TN949.6 , TN949.2 | |
| 科图分类: | ||
| 主题词: | 电视--测量 , 应用电视 | |
| 电子资源: | ||
| ISBN: | ||
| 000 | 00722nam0 2200265 45 | |
| 001 | 0184016563 | |
| 005 | 20040518162134.1 | |
| 010 | @dCNY0.97 | |
| 091 | @a15034.2631 | |
| 100 | @a19950516d1984 em y0chiy0121 ea | |
| 101 | 1 | @achi |
| 102 | @aCN@b120000 | |
| 105 | @ay z 000yy | |
| 106 | @ar | |
| 200 | 10 | @a测量电视@Ace liang dian shi@f天津市电视技术研究所编译 |
| 210 | @a北京@c国防工业出版社@d1984 | |
| 215 | @a234页@d21cm | |
| 606 | @a电视@x测量 | |
| 606 | 0 | @a应用电视 |
| 690 | @aTN949.6@v3 | |
| 690 | @aTN949.2 | |
| 711 | 02 | @a天津市电视技术研究所@Atian jin shi dian shi ji shu yan jiu suo@4编译 |
| 801 | 0 | @aCN@b上海图书馆@c20040518 |
| 801 | 2 | @aCN@bNLC@c20040518 |
| 905 | @f1@b109719@dTN949.2@e46 | |
| 测量电视/天津市电视技术研究所编译.-北京:国防工业出版社,1984 |
| 234页;21cm |
| ISBN :CNY0.97 |
| ● |
| 相关链接 |
|
|
|
|
正题名:测量电视
索取号:TN949.2/46
 
预约/预借
| 序号 | 登录号 | 条形码 | 馆藏地/架位号 | 状态 | 备注 |
| 1 | 0109719 | 001327594 | 第三借阅区/ [索取号:TN949.2/46] | 在馆 | |
| 2 | 0109720 | 001327638 | 第二样本阅览室/ [索取号:TN949.2/46] | 在馆 |